| 000 | 00577nam a2200229Ia 4500 | ||
|---|---|---|---|
| 003 | OSt | ||
| 005 | 20220924135340.0 | ||
| 006 | a|||||r|||| 00| 0 | ||
| 007 | ta | ||
| 008 | 220923b |||||||| |||| 00| 0 ben d | ||
| 024 | _a290666 | ||
| 037 | _cTextual | ||
| 040 |
_aARTS _cARTS _bben |
||
| 041 |
_2ben _aben |
||
| 082 | _aO142v262, 157K6 | ||
| 100 | _aHaldar Gopal | ||
| 245 | 0 | _aRus sahityer ruparekha | |
| 260 | _c1966 | ||
| 650 |
_aRUSSIAN LITERATURE _915056 |
||
| 942 |
_hO142v262, 157K6 _cTEXL _2CC |
||
| 999 |
_c440373 _d440373 |
||